Les clubs de football français 2025-2026 - Statistiques

Statistiques générales
  • Ce quiz a été pris 120 fois
  • Le résultat moyen est 29 sur 53
Statistiques - réponses
Hint Réponse % Correct
Ligue 1 Olympique de Marseille
99%
Ligue 1 Paris Saint-Germain
97%
Ligue 1 Olympique lyonnais
94%
Ligue 1 OGC Nice
90%
Ligue 1 Stade rennais FC
89%
Ligue 1 LOSC Lille
88%
Ligue 1 RC Strasbourg
88%
Ligue 1 Toulouse FC
88%
Ligue 1 FC Nantes
87%
Ligue 1 Paris FC
87%
Ligue 1 RC Lens
85%
Ligue 1 Stade brestois 29
85%
Ligue 1 AS Monaco
83%
Ligue 1 FC Metz
80%
Ligue 2 Montpellier HSC
80%
Ligue 1 Angers SCO
79%
Ligue 2 AS Saint-Étienne
79%
Ligue 1 FC Lorient
73%
Ligue 1 AJ Auxerre
69%
Ligue 2 Stade de Reims
67%
Ligue 2 Amiens SC
64%
Ligue 2 Grenoble Foot 38
57%
National 1 Dijon FCO
56%
Ligue 2 AS Nancy-Lorraine
55%
Ligue 2 Clermont Foot 63
54%
Ligue 2 SC Bastia
53%
Ligue 1 Le Havre AC
52%
Ligue 2 ES Troyes AC
51%
National 1 Quevilly Rouen Métropole
50%
National 1 SM Caen
49%
National 1 FC Rouen
48%
Ligue 2 EA Guingamp
47%
Ligue 2 Pau FC
46%
Ligue 2 USL Dunkerque
45%
Ligue 2 Le Mans FC
44%
Ligue 2 FC Annecy
43%
National 1 FC Sochaux-Montbéliard
41%
Ligue 2 Red Star FC
41%
National 1 US Orléans
39%
National 1 Valenciennes FC
37%
National 1 FC Versailles
36%
Ligue 2 Stade lavallois
34%
Ligue 2 Rodez AF
33%
Ligue 2 US Boulogne
31%
National 1 Bourg-en-Bresse 01
20%
National 1 LB Châteauroux
20%
National 1 Paris 13 Atletico
17%
National 1 US Concarneau
16%
National 1 Le Puy Foot
13%
National 1 SC Aubagne Air-Bel
12%
National 1 FC Villefranche-Beaujolais
11%
National 1 FC Fleury 91
7%
National 1 Stade briochin
7%
Aucun quiz correspondant
Distribution des résultats
% des personnes avec chaque résultat
Percentile par nombre de réponses
Votre historique - résultats
Vous n’avez pas pris ce quiz